MARC

LEADER 00000nam0a2200000 4500
001 76849
005 20231031091933.0
035 |a (RuTPU)RU\TPU\book\82390 
090 |a 76849 
100 |a 20050505d1980 m y0rusy50 ca 
101 0 |a rus 
102 |a RU 
105 |a a z 001zy 
200 1 |a Аналоговые пневматические устройства  |f В. В. Головин 
210 |a Москва  |c Машиностроение  |d 1980 
215 |a 160 с.  |c ил. 
320 |a Библиогр.: с. 153-154 
610 1 |a пневматические устройства 
610 1 |a типовые соединения 
610 1 |a типовые схемы 
610 1 |a точность 
610 1 |a преобразователи давления 
610 1 |a конструирование 
675 |a 681.523.5  |v 3 
700 1 |a Головин  |b В. В.  |g Валентин Валентинович 
801 1 |a RU  |b 63413507  |c 20050505  |g PSBO 
801 2 |a RU  |b 63413507  |c 20210131  |g RCR 
942 |c BK